People with J Initials - Statistics

General Stats
  • This quiz has been taken 55,604 times
    50,483 since last reset
  • The average score is 15 of 24
Answer Stats
Clue Person % Correct
JL Yoko Ono's husband John Lennon
90%
JC Director of "Titanic" James Cameron
87%
JA Author of "Pride and Prejudice" Jane Austen
81%
JT Prime Minister of Canada who took office in 2015 Justin Trudeau
80%
JJ Sister of Michael and LaToya Janet Jackson
79%
JH Are you experienced? This guitarist was. Jimi Hendrix
79%
JN Star of "The Shining" Jack Nicholson
75%
JG Star of "The Wizard of Oz" Judy Garland
74%
JB Obama's Vice President Joe Biden
72%
JF Actress who visited Hanoi and made workout tapes Jane Fonda
66%
JK "Ich bin ein Berliner", he said John F. Kennedy
66%
JM 4th U.S. President James Madison
65%
JI Spain's best-selling singer of all time Julio Iglesias
63%
JO Track star who won four gold medals in 1936 Jesse Owens
62%
JE His jail cell death in 2019 raised many an eyebrow Jeffrey Epstein
60%
JP His acting credits include "Joker", "The Gladiator", and "Her" Joaquin Phoenix
60%
JR Oil baron who was the world's first U.S. dollar billionaire John D. Rockefeller
58%
JD He was a rebel without a cause James Dean
57%
JW Western actor known as "The Duke" John Wayne
55%
JV French author who wrote "Journey to the Center of the Earth" Jules Verne
52%
JS Discoveror of the polio vaccine Jonas Salk
32%
JU Colts quarterback who lost in Super Bowl III but won in Super Bowl V Johnny Unitas
25%
JZ President of South Africa, 2009–2018 Jacob Zuma
24%
JY First female chair of the U.S. Federal Reserve, 2014–2018 Janet Yellen
18%
No matching quizzes found
Score Distribution
Percent of People with Each Score
Percentile by Number Answered
Your Score History
You have not taken this quiz since the last reset